The art of commenting How to Influence Environmental Decisionmaking With Effective Comments /

Detalles Bibliográficos
Autor principal: Mullin, Elizabeth D.
Formato: eBook
Lenguaje:inglés
Publicado: Washington DC: Environmental Law Institute, 2013
Materias:
Acceso en línea:Acceso restringido

MARC

LEADER 00000nam a22000007a 4500
005 20220914003429.0
007 cr|||| ||||
008 220914s2013 us |||||s|||| 00||0 eng d
020 |a 978-158576-169-2 
035 |a 36353 
040 |a vLex 
090 |c 13903  |d 13903 
100 1 |a Mullin, Elizabeth D. 
245 1 3 |a The art of commenting  |h [Recurso electrn̤ico] :  |b How to Influence Environmental Decisionmaking With Effective Comments /  |c Elizabeth D. Mullin 
256 |a Servicio en ln̕ea 
260 |a Washington DC:  |b Environmental Law Institute,  |c 2013 
300 |a 1 recurso electrn̤ico 
500 |a The implementation of environmental laws invariably results in the creation of written documents such as regulations, policies, programs, plans, studies, reports, and permits. A range of companies, agencies, institutions, and individuals may have a stake in how these documents are written and the decisions they support. People within an agency or organization writing a document may review and comment on drafts and there may also be a public comment period. The Art of Commenting, a longtime ELI bestseller, will assist those who are commenting on drafts of their own agency's, organization's, or client's documents as well as those participating in the public comment periods available under many federal, state, and local environmental laws. This second edition of this valuable guide accounts for the present-day reality that most commenting occurs online. 
506 1 |a Disponible solo en los productos indicados  |d vLex Global  |d vLex Global (Academic Edition, excluding Law Schools)  |d vLex Global (Academic Edition, Law Schools) 
650 0 4 |a Derecho Comunitario  |z Estados Unidos 
650 0 4 |a Derecho del Medio Ambiente  |z Estados Unidos 
740 0 |a vLex Libros (Servicio en ln̕ea) 
856 4 0 |u https://app.vlex.com/#/sources/36353  |z Acceso restringido 
942 |c BOOK 
999 0 |a Community Law 
999 0 |a Environmental Law